[Event "End"]
[Site "SchemingMind.com"]
[Date "2016.04.24"]
[Round "-"]
[White "emvarela"]
[Black "Stephen Woodhouse"]
[Result "0-1"]
[WhiteCountry "ARG"]
[BlackCountry "ENG"]
[WhiteElo "1695"]
[WhiteRD "48"]
[BlackElo "1875"]
[BlackRD "53"]
[GameID "398402"]

1. e4 d5 2. exd5 Qxd5 3. Nc3 Qd6 4. d4 c6 5. Nf3 Nf6 6. Be2 Bg4 7. h3 Bh5 8. Be3 Nbd7 9. O-O O-O-O 10. Nh2 Bxe2
11. Qxe2 Nd5 12. Nxd5 Qxd5 13. c4 Qf5 14. Qf3 Qxf3 15. Nxf3 h6 16. Rfd1 e6 17. Ne5 Nxe5 18. dxe5 a6 19. Rxd8+ Kxd8 20. Rd1+ Kc8
21. a3 Be7 22. b4 Rd8 23. Rxd8+ Kxd8 24. g4 Kc7 25. f4 g6 26. c5 Bh4 27. Kg2 Be1 28. Kf3 Bc3 29. Ke4 Bb2 30. f5 Bxa3
31. Bd2 exf5+ 32. gxf5 Kd7 33. fxg6 fxg6 34. h4 Ke6 35. Bc3 Bc1
0-1

[Event "End"]
[Site "SchemingMind.com"]
[Date "2016.04.24"]
[Round "-"]
[White "Stephen Woodhouse"]
[Black "emvarela"]
[Result "1-0"]
[WhiteCountry "ENG"]
[BlackCountry "ARG"]
[WhiteElo "1849"]
[WhiteRD "52"]
[BlackElo "1652"]
[BlackRD "47"]
[GameID "398403"]

1. e4 e5 2. Nf3 Nc6 3. d4 exd4 4. Nxd4 Qh4 5. Nc3 Nxd4 6. Qxd4 d6 7. Nb5 Kd7 8. Be3 a6 9. Nc3 Nf6 10. O-O-O Ne8
11. Bc4 f6 12. g3 Qh5 13. f4 Qg6 14. e5 fxe5 15. fxe5 Be7 16. Bf4 b6 17. exd6 Bf6 18. Qe3 c5 19. Qe6+
1-0

[Event "End"]
[Site "SchemingMind.com"]
[Date "2016.04.22"]
[Round "-"]
[White "Phillip Beckett"]
[Black "Stephen Woodhouse"]
[Result "1/2-1/2"]
[WhiteCountry "ENG"]
[BlackCountry "ENG"]
[WhiteElo "1556"]
[WhiteRD "49"]
[BlackElo "1831"]
[BlackRD "52"]
[GameID "398404"]

1. e4 e6 2. d4 d5 3. Nd2 c5 4. exd5 Qxd5 5. Ngf3 cxd4 6. Bc4 Qd6 7. Nb3 Nc6 8. O-O Nf6 9. Nbxd4 Nxd4 10. Qxd4 Qxd4
11. Nxd4 a6 12. Bg5 Be7 13. Rad1 b5 14. Bd3 Bb7 15. Rfe1 O-O 16. Nf5 Bc5 17. Ne3 Nd5 18. Nxd5 Bxd5 19. a3 f6 20. Be3 Rac8
21. Bxc5 Rxc5 22. c3 Kf7 23. Be4 Bxe4 24. Rxe4 Rfc8 25. Red4 R8c7 26. Rd7+ Kg6 27. R7d6 R5c6 28. Kf1=
1/2-1/2

[Event "End"]
[Site "SchemingMind.com"]
[Date "2016.04.22"]
[Round "-"]
[White "Stephen Woodhouse"]
[Black "Phillip Beckett"]
[Result "1-0"]
[WhiteCountry "ENG"]
[BlackCountry "ENG"]
[WhiteElo "1831"]
[WhiteRD "52"]
[BlackElo "1556"]
[BlackRD "49"]
[GameID "398405"]

1. e4 c5 2. c3 d6 3. d4 cxd4 4. cxd4 Nc6 5. Nc3 Nf6 6. Nf3 g6 7. Bc4 Bg7 8. O-O O-O 9. h3 Bd7 10. Be3 Rc8
11. Qe2 Na5 12. Bb5 a6 13. Bxd7 Qxd7 14. Rac1 Nc4 15. b3 Nxe3 16. Qxe3 Rc7 17. Na4 Rfc8 18. Nb6 Qb5 19. Nxc8 Rxc1 20. Rxc1
1-0

[Event "End"]
[Site "SchemingMind.com"]
[Date "2016.04.22"]
[Round "-"]
[White "Scooter"]
[Black "Stephen Woodhouse"]
[Result "0-1"]
[WhiteCountry "USA"]
[BlackCountry "ENG"]
[WhiteElo "1710"]
[WhiteRD "48"]
[BlackElo "1842"]
[BlackRD "51"]
[GameID "398406"]

1. d4 e6 2. Nf3 d5 3. Bg5 Be7 4. Bxe7 Qxe7 5. c3 Nf6 6. e3 O-O 7. Be2 c5 8. O-O Nc6 9. Nbd2 Bd7 10. h3 Rac8
11. Qb3 b6 12. Bb5 Na5 13. Qa4 cxd4 14. exd4 Bxb5 15. Qxb5 Nc4 16. Nxc4 Rxc4 17. Ne5 Rc7 18. Rfe1 Nd7 19. Nxd7 Qxd7 20. Qd3 Rfc8
21. Re5 Rc4 22. Rae1 b5 23. Rh5 g6 24. Rh4 Qe7 25. Qg3 b4 26. Re3 bxc3 27. bxc3 Rxc3 28. Rxc3 Rxc3 29. Qf4 Qc7 30. Qxc7 Rxc7
31. Rf4 Rc2 32. a3 Rc3 33. Rf3 Rxf3 34. gxf3 Kg7 35. Kg2 Kf6 36. Kg3 e5 37. dxe5+ Kxe5 38. f4+ Ke4 39. h4 d4
0-1

[Event "End"]
[Site "SchemingMind.com"]
[Date "2016.04.22"]
[Round "-"]
[White "Stephen Woodhouse"]
[Black "Scooter"]
[Result "1-0"]
[WhiteCountry "ENG"]
[BlackCountry "USA"]
[WhiteElo "1842"]
[WhiteRD "51"]
[BlackElo "1710"]
[BlackRD "48"]
[GameID "398407"]

1. e4 c6 2. d4 d5 3. exd5 cxd5 4. c4 Nf6 5. Nc3 e6 6. Nf3 Nc6 7. cxd5 Nxd5 8. Bd3 Bb4 9. Bd2 Nxc3 10. bxc3 Be7
11. O-O O-O 12. Qe2 h6 13. Qe4 f5 14. Qe2 a6 15. Rfe1 Bg5 16. Nxg5 hxg5 17. Qh5 g4 18. Bg5 Qc7 19. Re3 Qf7 20. Qh4 g6
21. Rae1 Qh7 22. Bc4 Qxh4 23. Bxh4 Re8 24. Bxe6+ Bxe6 25. Rxe6 Kf7 26. Rxe8 Rxe8 27. Rxe8 Kxe8 28. Kf1 Na5 29. Ke2 Nc4 30. Kd3 b5
31. d5 Kd7 32. Kd4 Nd2 33. Bg5 Ne4 34. Be3 Kd6 35. f3 gxf3 36. gxf3 Nf6 37. Bf4+ Kd7 38. Be5 Ke7 39. d6+ Ke6 40. Bxf6
1-0

[Event "End"]
[Site "SchemingMind.com"]
[Date "2016.04.23"]
[Round "-"]
[White "kenneth m day"]
[Black "Stephen Woodhouse"]
[Result "0-1"]
[WhiteCountry "USA"]
[BlackCountry "ENG"]
[WhiteElo "1705"]
[WhiteRD "53"]
[BlackElo "1875"]
[BlackRD "53"]
[GameID "398408"]

1. e4 e6 2. d4 d5 3. Nd2 c5 4. Ngf3 cxd4 5. Nxd4 Nf6 6. e5 Nfd7 7. N2f3 Nc6 8. Be3 Ndxe5 9. c3 Nxf3+ 10. Qxf3 Be7
11. Bd3 Ne5 12. Bb5+ Bd7 13. Bxd7+ Qxd7 14. Qe2 Nc4 15. Bf4 O-O 16. O-O Bd6 17. Bxd6 Nxd6 18. b3 Rac8 19. Rac1 Rc5 20. c4 Rfc8
21. Rfd1 b5 22. Rc2 bxc4 23. bxc4 Rxc4 24. Rxc4 Rxc4 25. Qb2 g6 26. Nf3 Qc7 27. h3 Rc2 28. Qd4 Rxa2 29. Qh4 Ne4 30. Rf1 Qc5
31. Qd8+ Kg7 32. Ne5 Rxf2 33. Rxf2 Qxf2+ 34. Kh1 Qf1+ 35. Kh2 Qf4+ 36. Kg1 Qxe5 37. Qh4 Qd4+
0-1

[Event "End"]
[Site "SchemingMind.com"]
[Date "2016.04.23"]
[Round "-"]
[White "Stephen Woodhouse"]
[Black "kenneth m day"]
[Result "0-1"]
[WhiteCountry "ENG"]
[BlackCountry "USA"]
[WhiteElo "1849"]
[WhiteRD "52"]
[BlackElo "1716"]
[BlackRD "52"]
[GameID "398409"]

1. e4 e5 2. Nf3 Nc6 3. d4 exd4 4. Nxd4 Nf6 5. Nc3 Bb4 6. Nxc6 bxc6 7. Bd3 d5 8. exd5 cxd5 9. O-O O-O 10. Bg5 Bb7
11. Qf3 Be7 12. Qh3 h6 13. Bh4 Rb8 14. Rae1 Re8 15. Re2 Bc8 16. Qe3 d4 17. Qd2 dxc3 18. bxc3 Bg4 19. f3 Bh5 20. Rfe1 Bc5+
21. Kh1 Rxe2 22. Qxe2 Qd6 23. Bg3 Qd7 24. Qe5 Bd6 25. Qa5 Bxg3 26. hxg3 c6 27. Qc5 Bg6 28. Re7 Rb1+ 29. Kh2 Qd5 30. Qxa7 Qh5#
0-1

[Event "End"]
[Site "SchemingMind.com"]
[Date "2016.04.22"]
[Round "-"]
[White "Stephen Woodhouse"]
[Black "JAHI"]
[Result "0-1"]
[WhiteCountry "ENG"]
[BlackCountry "INT"]
[WhiteElo "1831"]
[WhiteRD "52"]
[BlackElo "2113"]
[BlackRD "56"]
[GameID "398410"]

1. e4 e6 2. d4 d6 3. Nc3 d5 4. e5 c6 5. Bd3 c5 6. Nf3 Nc6 7. Bb5 Qc7 8. Be3 b6 9. O-O a6 10. Be2 Bd7
11. Qd2 Qa7 12. a4 f6 13. exf6 Nxf6 14. dxc5 bxc5 15. Rfe1 d4
0-1

[Event "End"]
[Site "SchemingMind.com"]
[Date "2016.04.22"]
[Round "-"]
[White "JAHI"]
[Black "Stephen Woodhouse"]
[Result "1-0"]
[WhiteCountry "INT"]
[BlackCountry "ENG"]
[WhiteElo "2113"]
[WhiteRD "56"]
[BlackElo "1831"]
[BlackRD "52"]
[GameID "398411"]

1. g3 d5 2. Bg2 Nf6 3. f3 Bf5 4. f4 Nbd7 5. Nf3 e6 6. c3 Bd6 7. a3 O-O 8. a4 Qe7 9. b3 c6 10. Ba3 Ne4
11. Bxd6 Qxd6 12. Na3 e5 13. Nh4 Bg4 14. Bxe4 dxe4 15. h3 exf4 16. hxg4 fxg3 17. Ng2 Ne5 18. Nc4 Nxc4 19. bxc4 f5 20. gxf5 Rxf5
21. Qb3 Qf6 22. c5+ Kh8 23. Qxb7 Rf8 24. Kd1 Rf1+ 25. Kc2 Qf2 26. Raxf1
1-0

[Event "End"]
[Site "SchemingMind.com"]
[Date "2016.04.23"]
[Round "-"]
[White "Stephen Woodhouse"]
[Black "Wojtek26"]
[Result "1-0"]
[WhiteCountry "ENG"]
[BlackCountry "POL"]
[WhiteElo "1842"]
[WhiteRD "51"]
[BlackElo "1547"]
[BlackRD "48"]
[GameID "398412"]

1. e4 e5 2. Nf3 d6 3. d4 exd4 4. Nxd4 Nf6 5. Nc3 g6 6. Bc4 Bg7 7. O-O O-O 8. Bg5 Qd7 9. Qf3 Qe7 10. Nd5 Nbd7
11. Nxe7+ Kh8 12. Nxc8 Raxc8 13. Rfe1 c5 14. Nb5 Ne8 15. Be7 Rg8 16. Bxf7 Nc7 17. Nxd6 Rb8 18. Bxg8 Kxg8 19. Qb3+
1-0

[Event "End"]
[Site "SchemingMind.com"]
[Date "2016.04.23"]
[Round "-"]
[White "Wojtek26"]
[Black "Stephen Woodhouse"]
[Result "0-1"]
[WhiteCountry "POL"]
[BlackCountry "ENG"]
[WhiteElo "1547"]
[WhiteRD "48"]
[BlackElo "1842"]
[BlackRD "51"]
[GameID "398413"]

1. d4 e6 2. c4 d5 3. e3 c5 4. dxc5 Bxc5 5. Nc3 Nf6 6. b3 O-O 7. Bb2 d4 8. exd4 Qxd4 9. Qf3 Nc6 10. Nd1 Bb4+
11. Bc3 Ne4 12. Bxb4 Nxb4 13. Rc1 Qd2#
0-1

[Event "End"]
[Site "SchemingMind.com"]
[Date "2016.05.02"]
[Round "-"]
[White "Kid A"]
[Black "JimM"]
[Result "1-0"]
[WhiteCountry "FIN"]
[BlackCountry "USA"]
[WhiteElo "1851"]
[WhiteRD "71"]
[BlackElo "1619"]
[BlackRD "75"]
[GameID "398572"]

1. e4 c5 2. Nf3 e6 3. d4 cxd4 4. c3 dxc3 5. Nxc3 Bb4 6. Bc4 Nf6 7. e5 Ne4 8. O-O Nxc3 9. bxc3 Bxc3 10. Ba3 Bxa1
11. Qxa1 Nc6 12. Qc1 a6 13. Qf4 b5 14. Bd3 Ne7 15. Ng5 Nf5 16. Bxf5 exf5 17. Qxf5 f6 18. exf6 Qxf6 19. Re1+ Kd8 20. Nf7+ Kc7
21. Bd6+ Qxd6 22. Nxd6 Kxd6 23. Qe5+ Kc6 24. Rc1+ Kb6 25. Qc7#
1-0

[Event "End"]
[Site "SchemingMind.com"]
[Date "2016.04.28"]
[Round "-"]
[White "JimM"]
[Black "Kid A"]
[Result "0-1"]
[WhiteCountry "USA"]
[BlackCountry "FIN"]
[WhiteElo "1619"]
[WhiteRD "75"]
[BlackElo "1851"]
[BlackRD "71"]
[GameID "398573"]

1. d4 d5 2. Nf3 Nf6 3. c4 e6 4. Nc3 c6 5. e3 Nbd7 6. Bd3 Bb4 7. O-O O-O 8. Qc2 dxc4 9. Bxc4 Nb6 10. Bd3 h6
11. e4 Re8 12. e5 Nfd5 13. Nxd5 Nxd5 14. Bh7+ Kh8 15. Be4 Be7 16. a3 a5 17. Qd3 b6 18. Bd2 Ba6 19. Qc2 Bxf1 20. Rxf1 Rc8
21. Qd3 Qd7 22. Qa6 b5 23. Qxa5 Ra8
0-1

[Event "End"]
[Site "SchemingMind.com"]
[Date "2016.05.02"]
[Round "-"]
[White "fouche"]
[Black "JimM"]
[Result "0-1"]
[WhiteCountry "COL"]
[BlackCountry "USA"]
[WhiteElo "1572"]
[WhiteRD "74"]
[BlackElo "1680"]
[BlackRD "76"]
[GameID "398574"]

1. d4 Nf6 2. Nf3 g6 3. e3 c5 4. d5 Bg7 5. c4 b5 6. Nc3 bxc4 7. Bxc4 O-O 8. e4 Bb7 9. Be3 d6 10. O-O Ng4
11. Re1 Nxe3 12. Rxe3 Nd7 13. Qd2 Bh6 14. e5 Bxe3 15. Qxe3 dxe5 16. Nxe5 Nb6 17. b3 Nxc4 18. bxc4 Qd6 19. Nb5 Qd8 20. Qxc5 Qb6
21. Qa3 Bc8 22. Rb1 Rb8 23. h3 a6 24. Nc3 Qc7 25. Rxb8 Qxb8 26. Nc6 Qf4 27. Qb4 e6 28. d6 Bd7 29. Ne7+ Kg7 30. Qb3 Qxd6
31. Nxg6 hxg6 32. Qb2 Kg8 33. Ne4 Qb8 34. Qd4 f6 35. Nxf6+ Rxf6 36. Qxf6 Qe8 37. h4 Ba4 38. h5 gxh5 39. Qg5+ Kh7 40. Qe5 Bc2
41. Qc7+ Kg6 42. c5 Be4 43. Qg3+ Kf5 44. Qh3+ Ke5 45. Qc3+ Kd5 46. f3 Bf5 47. Kf2 Qb5 48. f4 Qxc5+ 49. Kf1 Qxc3
0-1

[Event "End"]
[Site "SchemingMind.com"]
[Date "2016.05.02"]
[Round "-"]
[White "JimM"]
[Black "fouche"]
[Result "1-0"]
[WhiteCountry "USA"]
[BlackCountry "COL"]
[WhiteElo "1658"]
[WhiteRD "76"]
[BlackElo "1577"]
[BlackRD "69"]
[GameID "398575"]

1. d4 e6 2. e4 d5 3. Nd2 c5 4. Ngf3 cxd4 5. Nxd4 Bb4 6. c3 Ba5 7. e5 Nc6 8. N2f3 Nge7 9. Bd3 Ng6 10. Bg5 Qc7
11. O-O O-O 12. Re1 Nxd4 13. Nxd4 Bd7 14. Nf3 Rac8 15. Re2 b5 16. Rc1 Bb6 17. Nd4 Nxe5 18. Nxb5 Qb8 19. Nd4 Nxd3 20. Qxd3 e5
21. Nb3 Bc6 22. Qg3 Rfe8 23. Bf6 g6 24. Bxe5 Bc7 25. Bxc7 Rxc7 26. Rxe8+ Bxe8 27. Rd1 Bc6 28. Qd6 Qc8 29. Nd4 Bb7 30. h3 Rd7
31. Qe5 Qd8 32. Re1 a5 33. f4 a4 34. f5 a3 35. b3 Qc8 36. Qg3 Rc7 37. f6 Rxc3 38. Qxc3 Qd7 39. Qe3
1-0

[Event "End"]
[Site "SchemingMind.com"]
[Date "2016.04.28"]
[Round "-"]
[White "emvarela"]
[Black "JimM"]
[Result "1/2-1/2"]
[WhiteCountry "ARG"]
[BlackCountry "USA"]
[WhiteElo "1693"]
[WhiteRD "50"]
[BlackElo "1680"]
[BlackRD "76"]
[GameID "398576"]

1. e4 Nc6 2. d4 e5 3. dxe5 Bc5 4. Nf3 Nge7 5. Nc3 Ng6 6. g3 Ngxe5 7. Nxe5 Nxe5 8. Bf4 Ng6 9. Qf3 Nxf4 10. Qxf4 O-O
11. Kd2 a6 12. Bd3 d6 13. f3 b5 14. Ne2 Bb6 15. c3 Be6 16. h4 d5 17. Rhd1 dxe4 18. Qxe4 g6 19. Kc2 c5 20. Nf4 Bf5
21. Qe2 Bxd3+ 22. Rxd3 Qb8 23. Nd5 Bd8 24. Ne7+ Kg7 25. Qe4 Bxe7 26. Qxe7 Qxg3 27. Qxc5 Qxh4 28. Qe5+ Qf6 29. Qh2 Rad8 30. Rh1 h5
31. Rhd1 Rxd3 32. Rxd3 Qf5 33. Qd6 Re8 34. Qd4+ Kh6 35. Kb3 Qe6+ 36. Ka3 Qe7+ 37. b4 h4 38. f4 f6 39. f5 g5 40. Qb6 Ra8
41. Rd6 Kg7=
1/2-1/2

[Event "End"]
[Site "SchemingMind.com"]
[Date "2016.04.28"]
[Round "-"]
[White "JimM"]
[Black "emvarela"]
[Result "1/2-1/2"]
[WhiteCountry "USA"]
[BlackCountry "ARG"]
[WhiteElo "1658"]
[WhiteRD "76"]
[BlackElo "1695"]
[BlackRD "48"]
[GameID "398577"]

1. e4 e5 2. Nf3 Nc6 3. Bb5 a6 4. Ba4 Nf6 5. O-O Be7 6. Re1 b5 7. Bb3 d6 8. c3 Bg4 9. h3 Bxf3 10. Qxf3 O-O
11. d4 Na5 12. Bc2 c5 13. dxe5 dxe5 14. Qg3 Nc6 15. Bh6 Ne8 16. Rd1 Qc7 17. Nd2 Bf6 18. Nf3 Qe7 19. Rd2 Nc7 20. Rad1 Rfd8
21. Be3 Rxd2 22. Rxd2 Rd8 23. Rxd8+ Nxd8 24. a3 Nde6 25. Ne1 Bg5 26. Qxe5 Bxe3 27. fxe3=
1/2-1/2

[Event "End"]
[Site "SchemingMind.com"]
[Date "2016.04.28"]
[Round "-"]
[White "Phillip Beckett"]
[Black "JimM"]
[Result "0-1"]
[WhiteCountry "ENG"]
[BlackCountry "USA"]
[WhiteElo "1556"]
[WhiteRD "49"]
[BlackElo "1682"]
[BlackRD "80"]
[GameID "398578"]

1. e4 c5 2. Nf3 e6 3. d4 cxd4 4. Nxd4 Nf6 5. Nc3 Nc6 6. Ndb5 d6 7. Bg5 Be7 8. Qd2 a6 9. Nd4 Qb6 10. Nxc6 bxc6
11. O-O-O Rb8 12. Bxf6 Bxf6 13. b3 Qa5 14. Kb1 Qxc3 15. Qxc3 Bxc3
0-1

[Event "End"]
[Site "SchemingMind.com"]
[Date "2016.04.27"]
[Round "-"]
[White "JimM"]
[Black "Phillip Beckett"]
[Result "1-0"]
[WhiteCountry "USA"]
[BlackCountry "ENG"]
[WhiteElo "1658"]
[WhiteRD "76"]
[BlackElo "1572"]
[BlackRD "52"]
[GameID "398579"]

1. e4 e5 2. Nf3 Nc6 3. d4 exd4 4. c3 d3 5. Bxd3 d6 6. O-O Nf6 7. Re1 Be7 8. Qc2 Ne5 9. Nxe5 dxe5 10. Nd2 O-O
11. Nf3 Bd6 12. a3 Bg4 13. Be2 c6 14. h3 Be6 15. Ng5 Bd7 16. Be3 h6 17. Nf3 Qe7 18. Nh4 Nh7 19. Nf5 Bxf5 20. exf5 Qf6
21. Bd3 Rfe8 22. Rad1 Rad8 23. Bxa7 Ng5 24. Bb6 Rd7 25. f4 Nh7 26. Bd4 Rde7 27. fxe5 Bxe5 28. Bc5 Rd7 29. Re2 Ng5 30. Rde1 Red8
31. Rxe5 Rxd3 32. Be7 Nxh3+ 33. Kf1 Qxe5 34. Rxe5 Rd1+ 35. Re1 R1d2 36. Qxd2 Rxd2 37. gxh3 Rxb2 38. Re2 Rb1+ 39. Kg2 b5 40. Rf2 f6
41. Re2 Kf7 42. Bb4 Rb3 43. Re6 Rb2+ 44. Kg3 Rd2 45. Rxc6 Rd3+ 46. Kg4 Rd1 47. Rb6 Rd5 48. Kf4
1-0

[Event "End"]
[Site "SchemingMind.com"]
[Date "2016.04.27"]
[Round "-"]
[White "Scooter"]
[Black "JimM"]
[Result "1-0"]
[WhiteCountry "USA"]
[BlackCountry "USA"]
[WhiteElo "1761"]
[WhiteRD "49"]
[BlackElo "1619"]
[BlackRD "75"]
[GameID "398580"]

1. d4 Nf6 2. Nf3 b6 3. Bf4 Bb7 4. Nbd2 e6 5. e3 d6 6. Be2 Be7 7. O-O h6 8. h3 c5 9. c3 Nbd7 10. Re1 e5
11. dxe5 dxe5 12. Nxe5 Nxe5 13. Bxe5 O-O 14. Nf3 Qe8 15. Qc2 Nd7 16. Bg3 Rd8 17. Rad1 Nf6 18. Rxd8 Qxd8 19. Rd1 Qc8 20. c4 Ne4
21. Bh2 Ng5 22. Nxg5 Bxg5 23. Bg4 Qa8 24. f4 Bf6 25. Qe2 Re8 26. Kf2 Bxg2 27. Bf3 Bxf3 28. Qxf3 Qxf3+ 29. Kxf3 Bxb2 30. Rd7 Bc1
31. Bg1 Ra8 32. Ke2 Kf8 33. Kd3 Ke8 34. Rd5 Bb2 35. e4 Bf6 36. Bf2 Rb8 37. h4 Rd8 38. h5 Rxd5+ 39. cxd5 Kd7 40. Kc4 Be7
41. Kb5 Kc7 42. e5 Bd8 43. Ka6 Kb8 44. f5 Be7 45. d6 Bd8 46. e6 fxe6 47. fxe6 Kc8 48. Kxa7 c4 49. d7+
1-0

[Event "End"]
[Site "SchemingMind.com"]
[Date "2016.04.27"]
[Round "-"]
[White "JimM"]
[Black "Scooter"]
[Result "0-1"]
[WhiteCountry "USA"]
[BlackCountry "USA"]
[WhiteElo "1619"]
[WhiteRD "75"]
[BlackElo "1761"]
[BlackRD "49"]
[GameID "398581"]

1. e4 c6 2. d4 d5 3. Nc3 dxe4 4. Nxe4 Bf5 5. Ng3 Bg6 6. h4 h6 7. Nf3 Nd7 8. h5 Bh7 9. Bd3 Bxd3 10. Qxd3 Qc7
11. Bd2 Ngf6 12. O-O-O O-O-O 13. Rhe1 e6 14. Ne5 Nxe5 15. Rxe5 Bd6 16. Ra5 Kb8 17. f3 Bxg3 18. Bb4 Nd5 19. Qa3 b6 20. Ra6 Nxb4
21. Qxb4 Kb7 22. Qa3 Kb8 23. Rd3 Bd6 24. Qa4 b5 25. Qb3 Bf4+ 26. Kb1 e5 27. d5 cxd5 28. Qxb5+ Qb7 29. Qa5 Ka8 30. Rb3 Qe7
31. Ra3 Rd7 32. Rc6 e4 33. Rac3 exf3 34. Rxf3 Re8 35. Rf1 Bc7 36. Qc3 Be5 37. Rc8+ Rxc8 38. Qxc8+ Bb8 39. Qc3 Be5 40. Qc8+ Bb8
41. Qc3 Rb7 42. Qxg7 Be5 43. Qg8+ Rb8 44. Rxf7 Qb4
0-1

[Event "End"]
[Site "SchemingMind.com"]
[Date "2016.04.28"]
[Round "-"]
[White "kenneth m day"]
[Black "JimM"]
[Result "0-1"]
[WhiteCountry "USA"]
[BlackCountry "USA"]
[WhiteElo "1705"]
[WhiteRD "53"]
[BlackElo "1658"]
[BlackRD "76"]
[GameID "398582"]

1. e4 e5 2. f4 d5 3. exd5 e4 4. d3 Nf6 5. Nc3 Bb4 6. Qe2 Qxd5 7. Bd2 Bxc3 8. Bxc3 Bg4 9. Qe3 Nc6 10. Be2 Bxe2
11. Nxe2 O-O-O 12. O-O exd3 13. cxd3 Qxd3 14. Qxd3 Rxd3 15. Rad1 Rhd8 16. Rxd3 Rxd3 17. h3 Nh5 18. Kh1 f6 19. Kh2 Re3 20. Nd4 Nxd4
21. Bxd4 Re4 22. Bc3 Nxf4 23. Kg3 Nd5 24. Rf3 Nxc3 25. Rxc3 Re2
0-1

[Event "End"]
[Site "SchemingMind.com"]
[Date "2016.04.27"]
[Round "-"]
[White "JimM"]
[Black "kenneth m day"]
[Result "1-0"]
[WhiteCountry "USA"]
[BlackCountry "USA"]
[WhiteElo "1680"]
[WhiteRD "76"]
[BlackElo "1736"]
[BlackRD "54"]
[GameID "398583"]

1. d4 d5 2. c4 e6 3. Nf3 Nf6 4. Nc3 c5 5. cxd5 cxd4 6. Nxd4 Nxd5 7. Qb3 Nc6 8. Nxc6 bxc6 9. e4 Nb6 10. Be2 Be7
11. Be3 Bb7 12. O-O O-O 13. Rad1 Qc7 14. Bf3 Rad8 15. Ne2 Bd6 16. g3 Rfe8 17. Bg2 c5 18. Bg5 Rd7 19. Qf3 f5 20. Nc3 Rf8
21. Qe3 Nc4 22. Qe2 Ne5 23. Nb5 Qb6 24. Nxd6 Rxd6 25. Bf4 Rxd1 26. Rxd1 Ng6 27. Bg5 h6 28. Bd2 Qxb2 29. Qc4 Qb6 30. exf5 Bd5
31. Bxd5 exd5 32. Qxd5+ Kh8 33. fxg6 Rf6 34. Be3 Rxg6 35. Bxc5 Qc7 36. Bd4 Kh7 37. Be5 Qc2 38. Bb8
1-0

[Event "End"]
[Site "SchemingMind.com"]
[Date "2016.04.27"]
[Round "-"]
[White "JimM"]
[Black "Stephen Woodhouse"]
[Result "0-1"]
[WhiteCountry "USA"]
[BlackCountry "ENG"]
[WhiteElo "1619"]
[WhiteRD "75"]
[BlackElo "1849"]
[BlackRD "52"]
[GameID "398584"]

1. d4 e6 2. e4 d5 3. Nc3 Nf6 4. e5 Nfd7 5. f4 c5 6. dxc5 Bxc5 7. Qg4 g6 8. Nf3 Nc6 9. h4 h5 10. Qh3 Qb6
11. Qg3 Nd4 12. Nxd4 Bxd4 13. Na4 Qb4+ 14. Nc3 Nc5 15. Bb5+ Bd7 16. Bxd7+ Kxd7 17. a3 Bxc3+ 18. bxc3 Ne4 19. cxb4 Nxg3 20. Rh3 Ne4
21. Rd3 Rac8 22. Ra2 Rc3 23. Bd2 Rc4 24. c3 Nxd2 25. Kxd2 Rxf4 26. Rf3 Rxf3 27. gxf3 Rc8 28. a4 Rc4 29. Kd3 Rxh4 30. Rc2 Rc4
31. Ke3 d4+ 32. Kd3 Rxc3+ 33. Rxc3 dxc3 34. Kxc3 h4
0-1

[Event "End"]
[Site "SchemingMind.com"]
[Date "2016.04.27"]
[Round "-"]
[White "Stephen Woodhouse"]
[Black "JimM"]
[Result "1-0"]
[WhiteCountry "ENG"]
[BlackCountry "USA"]
[WhiteElo "1849"]
[WhiteRD "52"]
[BlackElo "1619"]
[BlackRD "75"]
[GameID "398585"]

1. e4 c5 2. c3 e6 3. d4 d5 4. exd5 exd5 5. Nf3 Bd6 6. Be3 c4 7. Be2 Nf6 8. O-O O-O 9. Nbd2 b5 10. Bg5 h6
11. Bh4 Nbd7 12. Re1 Nb6 13. Ne5 Nbd7 14. Ndf3 g5 15. Bg3 Qc7 16. Nxd7 Bxd7 17. Ne5 Bf5 18. Ng4 Nxg4 19. Bxg4 Bg6 20. Bxd6 Qxd6
21. Re3 f5 22. Be2 g4 23. Qd2 f4 24. Re5 h5 25. Re1 f3 26. Bd1 fxg2 27. Re6 Qxe6 28. Rxe6 Be4 29. Qg5+
1-0

[Event "End"]
[Site "SchemingMind.com"]
[Date "2016.04.28"]
[Round "-"]
[White "JimM"]
[Black "JAHI"]
[Result "0-1"]
[WhiteCountry "USA"]
[BlackCountry "INT"]
[WhiteElo "1619"]
[WhiteRD "75"]
[BlackElo "2074"]
[BlackRD "58"]
[GameID "398586"]

1. d4 e6 2. e4 d6 3. Nf3 d5 4. Bd3 c6 5. Bf4 c5 6. exd5 exd5 7. O-O c4 8. Be2 Bd6 9. Be5 Bxe5 10. Nxe5 Ne7
11. b3 cxb3 12. axb3 Be6 13. f4 Nd7 14. Bb5 g6 15. Bd3 Qb6 16. Be2 Nf5 17. Nf3 Ne3 18. Qd2 Nxf1 19. Bxf1 Nf6 20. Kh1 Ne4
21. Qe2 Rc8 22. Na3 a6 23. Rc1 Qd6 24. Nb1 Qxf4 25. Qe1 Kf8 26. Bd3 Nf2+
0-1

[Event "End"]
[Site "SchemingMind.com"]
[Date "2016.05.02"]
[Round "-"]
[White "JAHI"]
[Black "JimM"]
[Result "1-0"]
[WhiteCountry "INT"]
[BlackCountry "USA"]
[WhiteElo "2077"]
[WhiteRD "59"]
[BlackElo "1658"]
[BlackRD "76"]
[GameID "398587"]

1. g3 e5 2. Bg2 d5 3. c3 g6 4. a3 Bg7 5. a4 Nf6 6. b3 e4 7. Na3 O-O 8. Qc2 Bf5 9. Qa2 Nbd7 10. Nc2 c5
11. Ba3 b6 12. h3 Ne5 13. Ne3 Be6 14. h4 Neg4 15. Nxg4 Nxg4 16. Nh3 Re8 17. Kf1 Qf6 18. Nf4 Bh6 19. e3 Rad8 20. Bb2 Bg7
21. Kg1 Bf5 22. a5 Qd6 23. axb6 axb6 24. Bh3 Ne5 25. Bxf5 gxf5 26. c4 d4 27. Kg2 Nd3 28. Nxd3 exd3 29. Rag1 dxe3 30. fxe3 Be5
31. Bxe5 Qxe5 32. Rf1 Kh8 33. Rf4 Rd6 34. Qa1 Qxa1 35. Rxa1 Rg8 36. Rxf5 Rdg6 37. Rf3 h6 38. Ra7 Kg7 39. Rfxf7+
1-0

[Event "End"]
[Site "SchemingMind.com"]
[Date "2016.04.27"]
[Round "-"]
[White "JimM"]
[Black "Wojtek26"]
[Result "0-1"]
[WhiteCountry "USA"]
[BlackCountry "POL"]
[WhiteElo "1619"]
[WhiteRD "75"]
[BlackElo "1603"]
[BlackRD "51"]
[GameID "398588"]

1. d4 d5 2. c4 dxc4 3. Nf3 Nf6 4. e3 e6 5. Bxc4 Bb4+ 6. Nc3 O-O 7. O-O Nc6 8. a3 Bxc3 9. bxc3 Ne4 10. Bb2 Na5
11. Bd3 Nf6 12. Ne5 Nd7 13. Qh5 g6 14. Nxg6 fxg6 15. Qxa5 b6 16. Qa4 Nf6 17. Qc2 Bb7 18. f3 Rc8 19. a4 Nd5 20. a5 Nxe3
21. Qb1 Nxf1 22. Kxf1 Qh4 23. Kg1 Rf6 24. c4 Rcf8 25. d5 Rxf3 26. gxf3 Rxf3 27. Qc2 exd5 28. axb6 Qg5+ 29. Qg2 Qe3+ 30. Kh1 Qxd3
31. bxa7 Ba8 32. Ra3 Qb1+ 33. Qg1 Rf1
0-1

[Event "End"]
[Site "SchemingMind.com"]
[Date "2016.04.27"]
[Round "-"]
[White "Wojtek26"]
[Black "JimM"]
[Result "0-1"]
[WhiteCountry "POL"]
[BlackCountry "USA"]
[WhiteElo "1603"]
[WhiteRD "51"]
[BlackElo "1619"]
[BlackRD "75"]
[GameID "398589"]

1. d4 Nf6 2. c4 g6 3. Nf3 Bg7 4. e3 d6 5. Be2 O-O 6. O-O c5 7. Qb3 Nc6 8. Rd1 cxd4 9. exd4 e6 10. Nc3 Qc7
11. Bf4 e5 12. dxe5 dxe5 13. Nxe5 Nxe5 14. Nd5 Nxd5 15. Bxe5 Qxe5 16. cxd5 Qxe2 17. Rab1 Bf5 18. Rbc1 Qxb2 19. Qxb2 Bxb2 20. Rc7 b5
21. d6 Be5 22. Rd5 Rfd8 23. Rxe5 Rxd6 24. Re1 Rad8 25. Rxa7 Rd1 26. Re7 Rxe1+ 27. Rxe1 Be6 28. a3 Ra8 29. Ra1 b4 30. a4 b3
31. a5 Bf5
0-1